|
|
แสดงรายละเอียดบรรณานุกรม |
|
|
Brief Record
: Get Marc (ISO 2709)
: E-mail record
: |
|
|
| LEADER 00000nama 2200000uu 4500 | |||
| 008 040531s|||| th m m a000 0 tha d | |||
| 020 974-9666-60-7 | |||
| 041 tha | |||
| 050 H62 พ532ว 2548 | |||
| 100 พัฒนา กิติอาษา. | |||
| 245 วิจัยท้องถิ่น...เฮ็ดจั่งซี่ : บทเรียนการวิจัยเพื่อท้องถิ่นจากทุ่งกุลาร้องไห้และลุ่มน้ำมูนตอนกลาง / พัฒนา กิติอาษา. | |||
| 260 2548. สำนักงานกองทุนสนับสนุนการวิจัย (สวก) นครราชสีมา. | |||
| 300 75 หน้า. | |||
| 650 1. การพัฒนาชุมชน--ไทย--วิจัย. 2. ทุ่งกุลาร้องไห้ (ร้อยเอ็ด). | |||
| 995 001 | |||
| คุณยังไม่ได้ล็อกอิน คุณสามารถมีกิจกรรมร่วมกับเว็บไซต์ได้ แต่ต้องล็อกอินก่อน :: |
|
| สถานะ | |||||||||
| 1. | หนังสือทั่วไป | H62 พ532ว 2548 | On Shelf ขอยืม | ||||||
| 2. | หนังสือทั่วไป | H62 พ532ว 2548 | On Shelf ขอยืม | ||||||
| 3. | หนังสือทั่วไป | H62 พ532ว 2548 | On Shelf ขอยืม | ||||||
| [แสดง 3/3 รายการ] | |||||||||
BibComment |
| คอมเมนท์ทรัพยากรรายการนี้ |
|
|